• 首页
  • 本馆介绍
  • 公告通知
  • 最新文献
  • 馆藏检索
  • 电子资源
  • 读者导购
  • 参考咨询
  • 我的图书馆
  • 登录
  • 详细信息显示
  • 放入我的书架
  • 预约/预借图书
  • 作者相关作品
  • 分类相关作品
  • 丛书相关作品
  • 出版社相关作品

书目信息

  • 表格格式
  • 工作单格式
  • 卡片格式
题名:
中国文化的再全球化
    
 
作者: 皇甫晓涛 著
分册:  
出版信息: 北京   光明日报出版社  2016
页数: 17,206页
开本: 24cm
丛书名: 中国文化的再全球化思潮研究丛书
单 册:
中图分类: I109.9 , K107.8
科图分类:
主题词: 文艺思潮--wen yi si chao--研究 , 东方文化--dong fang wen hua--研究
电子资源:
ISBN: 978-7-5112-9224-7
000 01444nam0 22002891 450
001 0116132753
005 20161219102137.26
010    @a978-7-5112-9224-7@b精装@dCNY68.00
100    @a20160321d2016 em y0chiy50 ea
101 0  @achi
102    @aCN@b110000
105    @aa z 000yy
106    @ar
200 1  @a中国文化的再全球化@9zhong guo wen hua de zai quan qiu hua@e现代文艺思潮与东方文化复兴@f皇甫晓涛著
210    @a北京@c光明日报出版社@d2016
215    @a17,206页@c照片@d24cm
225 2  @a中国文化的再全球化思潮研究丛书@9zhong guo wen hua de zai quan qiu hua si chao yan jiu cong shu@f皇甫晓涛, 郭庆光主编
330    @a本书以新文学与新文化的思潮史、文学史、思想史、学术史为研究对象与范畴,阐述了中国百载以来的东方现代文明重构的思想文化史与文学艺术史、美学批评史,并在三大思潮的历史综合与文化综合研究中,探索了东方现代学术文化史与文学艺术史的内在联系,以及现代文明重构的文化承传与文化创新、文化发展与文化复兴问题,并对中国文化再全球化的文学艺术史论与学术文化史论,做出多方面的探索。
461  0 @12001 @a中国文化的再全球化思潮研究丛书@f皇甫晓涛, 郭庆光主编
517 1  @a现代文艺思潮与东方文化复兴@9xian dai wen yi si chao yu dong fang wen hua fu xing
606 0  @a文艺思潮@9wen yi si chao@x研究
606 0  @a东方文化@9dong fang wen hua@x研究
690    @aI109.9@v5
690    @aK107.8@v5
701  0 @a皇甫晓涛@9huang fu xiao tao@f(1959~)@4著
801  0 @aCN@bTANGWEI@c20161216
905    @b0952934-8@dI109.9@e109@f5
    
    中国文化的再全球化:现代文艺思潮与东方文化复兴/皇甫晓涛著 .-北京:光明日报出版社,2016
    17,206页:照片;24cm.-(中国文化的再全球化思潮研究丛书/皇甫晓涛, 郭庆光主编)
    
    
    ISBN 978-7-5112-9224-7(精装):CNY68.00
    本书以新文学与新文化的思潮史、文学史、思想史、学术史为研究对象与范畴,阐述了中国百载以来的东方现代文明重构的思想文化史与文学艺术史、美学批评史,并在三大思潮的历史综合与文化综合研究中,探索了东方现代学术文化史与文学艺术史的内在联系,以及现代文明重构的文化承传与文化创新、文化发展与文化复兴问题,并对中国文化再全球化的文学艺术史论与学术文化史论,做出多方面的探索。
●
相关链接 在E读中查询图书 在五车中查询图书 在当当中查询图书 在豆瓣中查询图书


正题名:中国文化的再全球化     索取号:I109.9/109         预约/预借

序号 登录号 条形码 馆藏地/架位号 状态 备注
1 0952934   209529349   第一样本阅览室/ [索取号:I109.9/109] 在馆    
2 0952935   209529358   第二借阅区/ [索取号:I109.9/109] 在馆    
3 0952936   209529367   第二借阅区/ [索取号:I109.9/109] 在馆    
4 0952937   209529376   第二借阅区/ [索取号:I109.9/109] 在馆    
5 0952938   209529385   第二借阅区/ [索取号:I109.9/109] 在馆    
唐山师范学院图书馆 欢迎您!
大连网信软件有限公司© 版权所有